Top 10 Uranium Producing Countries - Statistics

General Stats
  • This quiz has been taken 105 times
  • The average score is 7 of 10
Answer Stats
# Answer % Correct
5 Russia
96%
9 United States
96%
8 China
94%
2 Canada
89%
3 Australia
84%
1 Kazakhstan
64%
4 Niger
60%
10 Ukraine
57%
7 Uzbekistan
51%
6 Namibia
29%
No matching quizzes found
Score Distribution
Percent of People with Each Score
Percentile by Number Answered
Your Score History
You have not taken this quiz